Statystyki dla Najdroższy piłkarz z każdego kraju Europy - wrzesień 2023

Kliknij tutaj aby rozwiązać quiz!

Ogólne statystyki

  • Ten quiz został rozwiązany 487 razy
    (182 od ostatniego zresetowania)
  • Średni wynik to 11 z 54

Statystyki odpowiedzi

Państwo/wartość:Piłkarz:% Poprawnych
Francja; 180,00 mln €Kylian Mbappé
80%
Belgia; 70,00 mln €Kevin De Bruyne
77%
Anglia; 120,00 mln €Jude Bellingham
73%
Hiszpania; 100,00 mln €Pedri
70%
Austria; 40,00 mln €David Alaba
58%
Holandia; 75,00 mln €Frenkie de Jong
Matthijs de Ligt
55%
Chorwacja; 75,00 mln €Joško Gvardiol
55%
Norwegia; 180,00 mln €Erling Haaland
50%
Polska; 35,00 mln €Piotr Zieliński
46%
Niemcy; 110,00 mln €Jamal Musiala
42%
Portugalia; 90,00 mln €Rafael Leão
37%
Dania; 45,00 mln €Pierre-Emile Höjbjerg
Rasmus Højlund
32%
Szwecja; 70,00 mln €Alexander Isak
31%
Czechy; 35,00 mln €Tomáš Souček
31%
Serbia; 70,00 mln €Dušan Vlahović
29%
Ukraina; 50,00 mln €Mykhaylo Mudryk
29%
Węgry; 50,00 mln €Dominik Szoboszlai
27%
Gruzja; 85,00 mln €Khvicha Kvaratskhelia
27%
Albania; 28,00 mln €Armando Broja
26%
Słowenia; 35,00 mln €Jan Oblak
26%
Włochy; 75,00 mln €Nicolò Barella
26%
Szkocja; 40,00 mln €Andrew Robertson
25%
Słowacja; 50,00 mln €Milan Skriniar
20%
Rosja; 28,00 mln €Aleksandr Golovin
16%
Macedonia Północna; 26,00 mln €Eljif Elmas
14%
Irlandia; 30,00 mln €Evan Ferguson
12%
Szwajcaria; 38,00 mln €Manuel Akanji
12%
Turcja; 40,00 mln €Hakan Çalhanoğlu
11%
Kosowo; 25,00 mln €Amir Rrahmani
8%
Monako; -brak
7%
Finlandia; 5,50 mln €Glen Kamara
7%
Grecja; 18,00 mln €Kostas Tsimikas
7%
Watykan; -brak
6%
Walia; 38,00 mln €Brennan Johnson
5%
San Marino; 150 tys. €Nicola Nanni
5%
Bośnia i Hercegowina; 20,00 mln €Anel Ahmedhodžić
3%
Andora; 500 tys. €Iker Alvarez
3%
Luksemburg; 14,00 mln €Leandro Barreiro
3%
Malta; 5,00 mln €Teddy Teuma
3%
Estonia; 1,50 mln €Karl Hein
2%
Bułgaria; 4,50 mln €Kiril Despodov
2%
Rumunia; 8,00 mln €Radu Dragusin
2%
Armenia; 12,00 mln €Eduard Spertsyan
1%
Liechtenstein; 300 tys. €Marcel Büchel
1%
Mołdawia; 4,00 mln €Oleg Reabciuk
1%
Łotwa; 2,50 mln €Raimonds Krollis
1%
Azerbejdżan; 1,60 mln €Renat Dadaşhov
1%
Białoruś; 1,30 mln €Vitali Lisakovich
1%
Kazachstan; 6,00 mln €Baktiyar Zaynutdinov
0%
Litwa; 900 tys. €Gvidas Gineitis
0%
Islandia; 6,00 mln €Hákon Arnar Haraldsson
0%
Czarnogóra; 9,00 mln €Mirko Ivanić
0%
Irlandia Północna; 8,00 mln €Shea Charles
0%
Cypr; 2,00 mln €Stelios Andreou
0%

Rozkład punktacji

Percentyl według liczby udzielonych odpowiedzi

Procent ludzi z każdym wynikiem

Twoja historia wyników

Nie rozwiązałeś tego quizu od ostatniego zresetowania